Estadísticas para Encuentra el País Misterioso usando Pistas de Color

Haz click aquí para intentar la prueba.

Estadísticas generales

  • Esta prueba ha sido intentada 15.185 veces
  • La puntuación promedio es 54 de 196

Respuestas en el mapa

Las respuestas están codificadas por una escala verde-roja en el mapa de la prueba según el % correcto abajo.
 

Estadísticas de respuestas

País% Correcto
España
80%
Rusia
73%
Alemania
66%
Francia
65%
Italia
51%
Polonia
50%
China
49%
Estados Unidos
49%
Suiza
46%
Austria
44%
Noruega
42%
Dinamarca
40%
Reino Unido
40%
Suecia
39%
Bélgica
38%
Brasil
38%
Canadá
38%
Grecia
38%
Marruecos
38%
Argentina
37%
República Checa
36%
Australia
35%
Países Bajos
35%
Portugal
35%
Ucrania
35%
Islandia
34%
México
34%
Egipto
33%
Hungría
33%
Sudáfrica
33%
Croacia
32%
Finlandia
32%
India
32%
Chile
31%
Irlanda
31%
Argelia
30%
Luxemburgo
30%
República del Congo
30%
República Democrática del Congo
30%
Serbia
30%
Turquía
30%
Eslovaquia
29%
Japón
29%
Malta
29%
Rumania
29%
Albania
28%
Bosnia y Herzegovina
28%
Chad
28%
Ciudad del Vaticano
28%
Colombia
28%
Estonia
28%
San Marino
28%
Andorra
27%
Bielorrusia
27%
Bulgaria
27%
Libia
27%
Liechtenstein
27%
Mónaco
27%
Perú
27%
Arabia Saudita
26%
Bolivia
26%
Chipre
26%
Irán
26%
Kosovo
26%
Letonia
26%
Lituania
26%
Malí
26%
Moldavia
26%
Mongolia
26%
Montenegro
26%
Níger
26%
Sudán
26%
Túnez
26%
Uruguay
26%
Angola
25%
Armenia
25%
Cuba
25%
Ecuador
25%
Indonesia
25%
Irak
25%
Israel
25%
Kazajistán
25%
Macedonia del Norte
25%
Panamá
25%
Paraguay
25%
Siria
25%
Venezuela
25%
Afganistán
24%
Azerbaiyán
24%
Bahamas
24%
Bangladés
24%
Belice
24%
Benín
24%
Botsuana
24%
Bután
24%
Cabo Verde
24%
Camboya
24%
Camerún
24%
Catar
24%
Corea del Norte
24%
Corea del Sur
24%
Costa Rica
24%
El Salvador
24%
Emiratos Árabes Unidos
24%
Estados Federados de Micronesia
24%
Etiopía
24%
Filipinas
24%
Fiyi
24%
Gabón
24%
Gambia
24%
Georgia
24%
Ghana
24%
Guatemala
24%
Guinea
24%
Guyana
24%
Haití
24%
Honduras
24%
Jamaica
24%
Jordania
24%
Kenia
24%
Kirguistán
24%
Kiribati
24%
Laos
24%
Lesoto
24%
Líbano
24%
Liberia
24%
Madagascar
24%
Malasia
24%
Malaui
24%
Mauritania
24%
Mozambique
24%
Myanmar
24%
Namibia
24%
Nepal
24%
Nicaragua
24%
Nigeria
24%
Nueva Zelanda
24%
Omán
24%
Pakistán
24%
Palaos
24%
Papua Nueva Guinea
24%
República Centroafricana
24%
República Dominicana
24%
Ruanda
24%
Samoa
24%
Senegal
24%
Somalia
24%
Sri Lanka
24%
Suazilandia
24%
Surinam
24%
Tailandia
24%
Taiwán
24%
Tanzania
24%
Tayikistán
24%
Togo
24%
Turkmenistán
24%
Tuvalu
24%
Uganda
24%
Uzbekistán
24%
Vietnam
24%
Yemen
24%
Zambia
24%
Zimbabue
24%
Antigua y Barbuda
23%
Barbados
23%
Baréin
23%
Brunéi
23%
Burkina Faso
23%
Burundi
23%
Comoras
23%
Costa de Marfil
23%
Dominica
23%
Eritrea
23%
Granada
23%
Guinea-Bissau
23%
Guinea Ecuatorial
23%
Islas Marshall
23%
Islas Salomón
23%
Kuwait
23%
Maldivas
23%
Mauricio
23%
Nauru
23%
País Misterioso
23%
San Cristóbal y Nieves
23%
Santa Lucía
23%
Santo Tomé y Príncipe
23%
San Vicente y las Granadinas
23%
Seychelles
23%
Sierra Leona
23%
Singapur
23%
Sudán del Sur
23%
Timor Oriental
23%
Tonga
23%
Trinidad y Tobago
23%
Vanuatu
23%
Yibuti
23%

Distribución de puntuación

Porcentaje por número respondido

Porcentaje de gente con cada puntuación

Historial de tus puntuaciones

No has intentado esta prueba.